00204 a2200085 4500020001500000100001600015245002800031260004900059300001000108 a0852974523 aBrian Coyle aOverview of the markets aCanterburybFinancial World Publishingc1988 a166 P